000 00665nam a2200241Ia 4500
003 OSt
005 20220918180959.0
006 a|||||r|||| 00| 0
007 ta
008 220917b |||||||| |||| 00| 0 eng d
024 _a25,046
037 _cTextual
040 _aARTS
_cARTS
_beng
041 _2eng
_aeng
082 _aO111,1:g(Y), L7
100 _aFinnegan Ruth
_928948
245 0 _aOral poetry
_b is nature significance and social context
260 _aCambridge
_bUniv Press
_c1977
300 _avi,299p.
_ccm.
650 _aENGLISH LITERATURE
942 _hO111,1:g(Y), L7
_cTEXL
_2CC
999 _c163957
_d163957